00524nam a22001697a 450000500170000001000150001702000240003203500140005603700130007008200120008310000200009524500840011526000450019927000650024430000260030950000190033520190719114321.0 aENG-126013 a0199490244c1250.00 aEN-109545 bDBAD/PUB a338.954 aPrabhu, K.Seeta aHuman development in an unequal world /cby K.Seeta Prabhu [and] Sandhya S.Iyer aNew DelhibOxford University Pressc2019 a2/11 Ground FloorbAnsari Road, Daryaganj, New Delhie110002 axviii,370p.c22cm(Hb) aIncludes index